Statystyki dla Język litewski - państwa

Kliknij tutaj aby rozwiązać quiz!

Ogólne statystyki

  • Ten quiz został rozwiązany 30 razy
  • Średni wynik to 7 z 13

Statystyki odpowiedzi

nazwa litewskanazwa polska% Poprawnych
LenkijaPolska
93%
SuomijaFinlandia
82%
PrancūzijaFrancja
82%
GraikijaGrecja
79%
GajanaGujana
79%
Jungtinė KaralystėWielka Brytania
61%
KinijaChiny
57%
VokietijaNiemcy
57%
KiprasCypr
50%
AirijaIrlandia
29%
JuodkalnijaCzarnogóra
14%
Dramblio Kaulo KraštasWybrzeże Kości Słoniowej
14%
Žaliasis KyšulysZielony Przylądek
7%

Rozkład punktacji

Percentyl według liczby udzielonych odpowiedzi

Procent ludzi z każdym wynikiem

Twoja historia wyników

Nie rozwiązałeś tego quizu